[Event "Montreal Mercredi 10"]
[Site "Montreal CAN"]
[Date "2007.10.10"]
[Round "1"]
[White "Katch, Gary"]
[Black "Forget, Luc"]
[Result "0-1"]
[WhiteElo "1848"]
[BlackElo "1926"]
[PlyCount "68"]
[GameId "2160767910578921"]
[EventDate "2007.10.10"]
[EventType "swiss"]
[EventRounds "5"]
[EventCountry "CAN"]
[SourceTitle "EXT 2022"]
[Source "ChessBase"]
[SourceDate "2021.10.06"]
[SourceVersion "1"]
[SourceVersionDate "2021.10.06"]
[SourceQuality "1"]

1. e4 c6 2. d4 d5 3. exd5 cxd5 4. Bd3 Nc6 5. c3 Qc7 6. Bg5 h6 7. Bh4 e5 8. dxe5 Qxe5+ 9. Qe2 Bd6 10. Nd2 Nge7 11. Bg3 Qf6 12. Bxd6 Qxd6 13. Ngf3 O-O 14. O-O Ng6 15. Nd4 a6 16. Rfe1 Bd7 17. N2f3 Rfe8 18. Qd2 Qf6 19. Rxe8+ Rxe8 20. Re1 Rxe1+ 21. Qxe1 Nce5 22. Bxg6 Nxf3+ 23. Nxf3 Qxg6 24. Ne5 Qe6 25. Nd3 Qe4 26. Qd1 Bc6 27. Nb4 a5 28. Nxc6 bxc6 29. h3 c5 30. a3 d4 31. Qd2 d3 32. Kf1 a4 33. Qe3 Qxe3 34. fxe3 c4 0-1

[Event "Montreal Mercredi 10"]
[Site "Montreal CAN"]
[Date "2007.10.10"]
[Round "1"]
[White "Landry, Martin"]
[Black "Ameur, Nadji"]
[Result "0-1"]
[WhiteElo "1623"]
[BlackElo "1680"]
[PlyCount "105"]
[GameId "2160767910578923"]
[EventDate "2007.10.10"]
[EventType "swiss"]
[EventRounds "5"]
[EventCountry "CAN"]
[SourceTitle "EXT 2022"]
[Source "ChessBase"]
[SourceDate "2021.10.06"]
[SourceVersion "1"]
[SourceVersionDate "2021.10.06"]
[SourceQuality "1"]

1. d4 Nf6 2. c4 e6 3. Nc3 Bb4 4. a3 Bxc3+ 5. bxc3 O-O 6. Qc2 d5 7. Nf3 c6 8. cxd5 cxd5 9. a4 Qc7 10. Ba3 Re8 11. e3 Nc6 12. Bb5 a6 13. Bxc6 Qxc6 14. O-O Bd7 15. Bb2 Rec8 16. Ne5 Qc7 17. Nxd7 Qxd7 18. f3 Rc4 19. a5 Rac8 20. Qd3 Ne8 21. e4 Nd6 22. exd5 exd5 23. Rfe1 Qb5 24. Re2 R4c7 25. Qxb5 Nxb5 26. Rae1 f6 27. Re8+ Rxe8 28. Rxe8+ Kf7 29. Re3 Nd6 30. Rd3 Nc4 31. Bc1 Nxa5 32. g4 Re7 33. Kf2 Nc4 34. h4 Re6 35. Rd1 b5 36. Re1 Rc6 37. Ke2 Nb6 38. Kd3 Re6 39. Rxe6 Kxe6 40. Ba3 Nc4 41. Bc1 g6 42. Kc2 a5 43. Kb3 f5 44. Bg5 h5 45. gxh5 gxh5 46. Bf4 Kd7 47. Bg5 Kc6 48. Be7 Nd2+ 49. Kc2 Nxf3 50. Kd1 a4 51. Ke2 Nxh4 52. Kf2 Kd7 53. Bb4 0-1

[Event "Montreal Mercredi 10"]
[Site "Montreal CAN"]
[Date "2007.10.10"]
[Round "1"]
[White "Millette, Sylvain"]
[Black "Antoine, Vladimir"]
[Result "1/2-1/2"]
[WhiteElo "1717"]
[BlackElo "1606"]
[PlyCount "20"]
[GameId "2160767910578924"]
[EventDate "2007.10.10"]
[EventType "swiss"]
[EventRounds "5"]
[EventCountry "CAN"]
[SourceTitle "EXT 2022"]
[Source "ChessBase"]
[SourceDate "2021.10.06"]
[SourceVersion "1"]
[SourceVersionDate "2021.10.06"]
[SourceQuality "1"]

1. Nf3 d5 2. c4 c6 3. b3 Bg4 4. g3 Nf6 5. Bg2 e6 6. O-O Nbd7 7. Bb2 Be7 8. h3 Bh5 9. d4 O-O 10. Nbd2 h6 1/2-1/2

[Event "Montreal Mercredi 10"]
[Site "Montreal CAN"]
[Date "2007.10.10"]
[Round "1"]
[White "Rivas, Carlos Genin"]
[Black "Neumark-Gaudet, Zev"]
[Result "1/2-1/2"]
[WhiteElo "1462"]
[BlackElo "1462"]
[PlyCount "46"]
[GameId "2160767910578925"]
[EventDate "2007.10.10"]
[EventType "swiss"]
[EventRounds "5"]
[EventCountry "CAN"]
[SourceTitle "EXT 2022"]
[Source "ChessBase"]
[SourceDate "2021.10.06"]
[SourceVersion "1"]
[SourceVersionDate "2021.10.06"]
[SourceQuality "1"]

1. g4 d5 2. Bg2 e5 3. c4 d4 4. d3 c6 5. h3 Nf6 6. g5 Nh5 7. h4 Nf4 8. Be4 Bb4+ 9. Nd2 f5 10. gxf6 Qxf6 11. a3 Bxd2+ 12. Bxd2 O-O 13. Bxf4 Qxf4 14. Nf3 Nd7 15. Qd2 Nc5 16. Qxf4 Rxf4 17. Nd2 Bf5 18. Bxf5 Rxf5 19. b4 Ne6 20. Ne4 Raf8 21. Kd2 g6 22. Rag1 Kh8 23. f3 b6 1/2-1/2

[Event "Montreal Mercredi 10"]
[Site "Montreal CAN"]
[Date "2007.10.17"]
[Round "2"]
[White "Ameur, Nadji"]
[Black "Antoine, Vladimir"]
[Result "0-1"]
[WhiteElo "1680"]
[BlackElo "1606"]
[PlyCount "56"]
[GameId "2160767910578926"]
[EventDate "2007.10.10"]
[EventType "swiss"]
[EventRounds "5"]
[EventCountry "CAN"]
[SourceTitle "EXT 2022"]
[Source "ChessBase"]
[SourceDate "2021.10.06"]
[SourceVersion "1"]
[SourceVersionDate "2021.10.06"]
[SourceQuality "1"]

1. d4 d5 2. c4 c6 3. Nc3 Nf6 4. Nf3 dxc4 5. e4 b5 6. e5 Nd5 7. a4 e6 8. axb5 Nxc3 9. bxc3 cxb5 10. Be2 Bb7 11. O-O Bd5 12. Bg5 Be7 13. Bxe7 Qxe7 14. Qc2 Nd7 15. Nd2 f5 16. exf6 Nxf6 17. Bf3 O-O 18. Rfe1 Bxf3 19. Nxf3 Nd5 20. Ne5 Qg5 21. g3 Qf5 22. Qxf5 exf5 23. Rec1 f4 24. Kg2 fxg3 25. hxg3 Nf6 26. f3 Rfc8 27. Ra6 Nd5 28. Nc6 Nc7 0-1

[Event "Montreal Mercredi 10"]
[Site "Montreal CAN"]
[Date "2007.10.17"]
[Round "2"]
[White "Bergeron, Rene"]
[Black "Lemieux, Serge"]
[Result "0-1"]
[WhiteElo "1472"]
[BlackElo "1490"]
[PlyCount "100"]
[GameId "2160767910578927"]
[EventDate "2007.10.10"]
[EventType "swiss"]
[EventRounds "5"]
[EventCountry "CAN"]
[SourceTitle "EXT 2022"]
[Source "ChessBase"]
[SourceDate "2021.10.06"]
[SourceVersion "1"]
[SourceVersionDate "2021.10.06"]
[SourceQuality "1"]

1. e4 e5 2. Nf3 Nc6 3. Bc4 Bc5 4. c3 Nf6 5. d4 exd4 6. cxd4 Bb4+ 7. Bd2 O-O 8. Bxb4 Nxb4 9. e5 Ne4 10. O-O d5 11. Be2 f5 12. exf6 Qxf6 13. a3 Nc6 14. Nc3 Be6 15. Qb3 Nxd4 16. Nxd4 Nd2 17. Qxb7 Nxf1 18. Nxe6 Qxe6 19. Rxf1 c6 20. Bf3 Kh8 21. b4 Rae8 22. b5 Rxf3 23. gxf3 Qg6+ 24. Kh1 Qd3 25. Kg2 Qxc3 26. Qxc6 Qxc6 27. bxc6 Kg8 28. c7 Kf7 29. Rc1 Rc8 30. Kf1 Ke6 31. Ke2 Kd6 32. Kd3 Rxc7 33. Rxc7 Kxc7 34. f4 Kc6 35. Kd4 g6 36. h4 h5 37. f3 Kd6 38. a4 a5 39. Kc3 Kc5 40. Kd3 Kb4 41. Kd4 Kxa4 42. Kxd5 Kb4 43. f5 gxf5 44. Ke5 a4 45. Kxf5 a3 46. Kg5 a2 47. Kxh5 a1=Q 48. f4 Qf6 49. Kg4 Kc4 50. h5 Kd4 0-1

[Event "Montreal Mercredi 10"]
[Site "Montreal CAN"]
[Date "2007.10.17"]
[Round "2"]
[White "Bolduc, Rene"]
[Black "Rivas, Carlos Genin"]
[Result "0-1"]
[WhiteElo "1454"]
[BlackElo "1462"]
[PlyCount "84"]
[GameId "2160767910578928"]
[EventDate "2007.10.10"]
[EventType "swiss"]
[EventRounds "5"]
[EventCountry "CAN"]
[SourceTitle "EXT 2022"]
[Source "ChessBase"]
[SourceDate "2021.10.06"]
[SourceVersion "1"]
[SourceVersionDate "2021.10.06"]
[SourceQuality "1"]

1. d4 c5 2. Nf3 cxd4 3. Nxd4 Nc6 4. e4 e6 5. a3 Nf6 6. Nc3 d5 7. Nxc6 bxc6 8. Bg5 Be7 9. Bd3 d4 10. Ne2 Qa5+ 11. Bd2 Qb6 12. b4 O-O 13. O-O e5 14. c4 c5 15. Ng3 Rb8 16. b5 Bd7 17. a4 a5 18. Qe1 Ra8 19. f4 Bd6 20. fxe5 Bxe5 21. Nf5 Kh8 22. Ra2 Bxf5 23. Rxf5 Rfe8 24. Qh4 Re6 25. Bf4 Bxf4 26. Qxf4 g6 27. Re5 Rae8 28. Rxe6 Qxe6 29. Re2 Qe5 30. Qxe5 Rxe5 31. b6 Re7 32. Rb2 Rb7 33. e5 Nd7 34. Rb5 Rxb6 35. Rxa5 Nxe5 36. Bf1 d3 37. Rb5 d2 38. Be2 Rd6 39. Bd1 Nxc4 40. Kf2 Re6 41. Rxc5 Nb2 42. Rd5 Nxd1+ 0-1

[Event "Montreal Mercredi 10"]
[Site "Montreal CAN"]
[Date "2007.10.17"]
[Round "2"]
[White "Forget, Luc"]
[Black "Dominique, Vladimir"]
[Result "1-0"]
[WhiteElo "1926"]
[BlackElo "1819"]
[PlyCount "73"]
[GameId "2160767910578929"]
[EventDate "2007.10.10"]
[EventType "swiss"]
[EventRounds "5"]
[EventCountry "CAN"]
[SourceTitle "EXT 2022"]
[Source "ChessBase"]
[SourceDate "2021.10.06"]
[SourceVersion "1"]
[SourceVersionDate "2021.10.06"]
[SourceQuality "1"]

1. d4 d5 2. c4 e6 3. Nc3 Nf6 4. Nf3 c6 5. Bg5 Be7 6. e3 Nbd7 7. Bd3 dxc4 8. Bxc4 b5 9. Bd3 Bb7 10. O-O a6 11. e4 b4 12. Na4 O-O 13. e5 Nd5 14. Bxe7 Qxe7 15. Rc1 c5 16. Nxc5 Nxc5 17. Rxc5 Nf4 18. Qd2 Nxg2 19. Kxg2 Qh4 20. h3 f6 21. d5 Qh5 22. Be4 Rad8 23. Qxb4 Rxd5 24. Rxd5 Bxd5 25. Bxd5 exd5 26. e6 f5 27. e7 Re8 28. Qd6 Qf7 29. Rd1 Qxe7 30. Qxe7 Rxe7 31. Rxd5 Re2 32. Ne5 g6 33. Nc4 Rc2 34. Rc5 a5 35. a4 Kg7 36. b3 Rc3 37. Rb5 1-0

[Event "Montreal Mercredi 10"]
[Site "Montreal CAN"]
[Date "2007.10.17"]
[Round "2"]
[White "Katch, Gary"]
[Black "Papineau (Montreal), Daniel"]
[Result "1-0"]
[WhiteElo "1848"]
[BlackElo "1854"]
[PlyCount "67"]
[GameId "2160767910578930"]
[EventDate "2007.10.10"]
[EventType "swiss"]
[EventRounds "5"]
[EventCountry "CAN"]

1. e4 e5 2. Nf3 Nc6 3. Nc3 Nf6 4. d4 exd4 5. Nxd4 Bb4 6. Nxc6 bxc6 7. Bd3 d5 8. exd5 cxd5 9. O-O O-O 10. Bg5 c6 11. Qf3 Be7 12. h3 Rb8 13. b3 Be6 14. Rfe1 Bb4 15. Bd2 Qa5 16. a3 Be7 17. b4 Qc7 18. Ne2 Rbd8 19. c3 Ne4 20. Bf4 Qb7 21. Bxe4 dxe4 22. Qxe4 Bd5 23. Qc2 c5 24. f3 Rfe8 25. Kh2 Bf6 26. Rad1 Bxf3 27. gxf3 Qxf3 28. Bg3 Rxd1 29. Qxd1 Rd8 30. Qc1 Re8 31. Nd4 Qa8 32. Nb5 g6 33. Nc7 Rxe1 34. Qxe1 1-0

[Event "Montreal Mercredi 10"]
[Site "Montreal CAN"]
[Date "2007.10.17"]
[Round "2"]
[White "Marquis, Gerald"]
[Black "Casquero, Herberth"]
[Result "0-1"]
[WhiteElo "1498"]
[BlackElo "1522"]
[PlyCount "106"]
[GameId "2160767910578931"]
[EventDate "2007.10.10"]
[EventType "swiss"]
[EventRounds "5"]
[EventCountry "CAN"]
[SourceTitle "EXT 2022"]
[Source "ChessBase"]
[SourceDate "2021.10.06"]
[SourceVersion "1"]
[SourceVersionDate "2021.10.06"]
[SourceQuality "1"]

1. e4 Nf6 2. e5 Nd5 3. c4 Nb6 4. d4 d6 5. Nf3 Nc6 6. Be2 Bf5 7. Bd2 e6 8. O-O Be7 9. b3 O-O 10. Bc3 a5 11. Qd2 a4 12. Qb2 a3 13. Nxa3 dxe5 14. Nb5 e4 15. Nd2 Nb4 16. d5 exd5 17. Bxg7 c6 18. Bxf8 Bf6 19. Nd4 Qxf8 20. Qc3 Qc5 21. Qg3+ Bg6 22. Nf5 Bxa1 23. Rxa1 Re8 24. Qd6 Qxd6 25. Nxd6 Re7 26. cxd5 cxd5 27. h4 Rd7 28. Ne8 Kf8 29. Nf6 Rd6 30. Ng4 f5 31. Ne5 Be8 32. f4 d4 33. a4 d3 34. Bf1 e3 35. Ndc4 Nxc4 36. Nxc4 Re6 37. Ne5 e2 38. Bxe2 dxe2 39. Kf2 Nc2 40. Rc1 e1=Q+ 41. Rxe1 Nxe1 42. Kxe1 Rb6 43. a5 Rxb3 44. Kf2 Ra3 45. Nc4 Ra4 46. Nd6 Bc6 47. g3 Rxa5 48. Ke3 Rd5 49. Nc4 b5 50. Ne5 Bd7 51. g4 fxg4 52. Ke4 Rd1 53. Nxg4 Bxg4 0-1

[Event "Montreal Mercredi 10"]
[Site "Montreal CAN"]
[Date "2007.10.17"]
[Round "2"]
[White "Neumark-Gaudet, Zev"]
[Black "Chesnut, Walter"]
[Result "1/2-1/2"]
[WhiteElo "1462"]
[BlackElo "1463"]
[PlyCount "59"]
[GameId "2160767910578932"]
[EventDate "2007.10.10"]
[EventType "swiss"]
[EventRounds "5"]
[EventCountry "CAN"]
[SourceTitle "EXT 2022"]
[Source "ChessBase"]
[SourceDate "2021.10.06"]
[SourceVersion "1"]
[SourceVersionDate "2021.10.06"]
[SourceQuality "1"]

1. e4 c5 2. Nc3 Nc6 3. f4 d6 4. Nf3 g6 5. Bb5 Bd7 6. d3 a6 7. Bxc6 Bxc6 8. O-O Bg7 9. f5 Nf6 10. e5 Bxf3 11. Qxf3 dxe5 12. fxg6 hxg6 13. h3 b6 14. Ne4 O-O 15. Nxf6+ exf6 16. h4 Qd4+ 17. Qf2 Qxf2+ 18. Rxf2 Rae8 19. g4 e4 20. Bf4 Re6 21. Rd1 f5 22. gxf5 gxf5 23. Rg2 Kh7 24. h5 Bxb2 25. dxe4 Bd4+ 26. Kf1 Rxe4 27. Bd6 Rg8 28. Rxg8 Kxg8 29. Re1 Rxe1+ 30. Kxe1 1/2-1/2

[Event "Montreal Mercredi 10"]
[Site "Montreal CAN"]
[Date "2007.10.17"]
[Round "2"]
[White "Perreault, Jacques"]
[Black "Millette, Sylvain"]
[Result "1-0"]
[WhiteElo "1593"]
[BlackElo "1717"]
[PlyCount "81"]
[GameId "2160767910578933"]
[EventDate "2007.10.10"]
[EventType "swiss"]
[EventRounds "5"]
[EventCountry "CAN"]
[SourceTitle "EXT 2022"]
[Source "ChessBase"]
[SourceDate "2021.10.06"]
[SourceVersion "1"]
[SourceVersionDate "2021.10.06"]
[SourceQuality "1"]

1. g3 Nf6 2. Bg2 g6 3. c4 Bg7 4. Nc3 c6 5. e4 d6 6. Nge2 Be6 7. b3 d5 8. d3 dxe4 9. dxe4 Qxd1+ 10. Kxd1 Na6 11. a3 Rd8+ 12. Kc2 Nc5 13. f3 O-O 14. Nf4 Rd7 15. Be3 b6 16. Rad1 Rfd8 17. b4 Nb7 18. Nxe6 fxe6 19. Rxd7 Rxd7 20. Rd1 Kf7 21. e5 Rxd1 22. Kxd1 Nd7 23. f4 Nd8 24. Ne4 h6 25. h4 Nxe5 26. fxe5 Bxe5 27. g4 Kg7 28. a4 Nf7 29. g5 hxg5 30. Nxg5 Nxg5 31. hxg5 Bc3 32. Bd2 Bd4 33. Bxc6 Kf7 34. a5 bxa5 35. bxa5 e5 36. Bb4 Be3 37. a6 Ke6 38. Be4 Kf7 39. Bd5+ e6 40. Be4 Bxg5 41. Bc5 1-0

[Event "Montreal Mercredi 10"]
[Site "Montreal CAN"]
[Date "2007.10.17"]
[Round "2"]
[White "Savard, Alain"]
[Black "Landry, Martin"]
[Result "0-1"]
[WhiteElo "1606"]
[BlackElo "1623"]
[PlyCount "112"]
[GameId "2160767910578934"]
[EventDate "2007.10.10"]
[EventType "swiss"]
[EventRounds "5"]
[EventCountry "CAN"]
[SourceTitle "EXT 2022"]
[Source "ChessBase"]
[SourceDate "2021.10.06"]
[SourceVersion "1"]
[SourceVersionDate "2021.10.06"]
[SourceQuality "1"]

1. c4 e5 2. Nc3 f5 3. e4 d6 4. Bd3 fxe4 5. Nxe4 Nf6 6. Qf3 Nc6 7. Ne2 Be6 8. h3 Nxe4 9. Bxe4 Qd7 10. b3 g6 11. Bb2 Bg7 12. O-O-O Rf8 13. Qe3 Bf5 14. f3 Bxe4 15. fxe4 O-O-O 16. Rhf1 Kb8 17. Kb1 Qe6 18. Qg1 Rxf1 19. Rxf1 Rf8 20. Rxf8+ Bxf8 21. Qf2 Bg7 22. Qh4 h6 23. Qg3 b6 24. Qf3 Qf6 25. Qxf6 Bxf6 26. a3 Kc8 27. Kc2 a5 28. Nf4 g5 29. Nd5 Bg7 30. b4 axb4 31. axb4 Kd7 32. Kd3 Ne7 33. Ke3 Nc8 34. Kf3 c6 35. Ne3 Ne7 36. Kg4 Ke6 37. Kf3 d5 38. b5 d4 39. Nf1 cxb5 40. cxb5 Nc8 41. Ba3 Nd6 42. Bxd6 Kxd6 43. Ng3 Kc5 44. Nh5 Bf8 45. Nf6 Kxb5 46. Nd7 Bd6 47. Nxb6 Kxb6 48. Ke2 h5 49. Kd3 Kb5 50. g4 hxg4 51. hxg4 Ba3 52. Kc2 Kb4 53. d3 Ka4 54. Kd2 Kb3 55. Ke2 Kc2 56. Kf3 Kxd3 0-1

[Event "Montreal Mercredi 10"]
[Site "Montreal CAN"]
[Date "2007.10.24"]
[Round "3"]
[White "Antoine, Vladimir"]
[Black "Savard, Alain"]
[Result "0-1"]
[WhiteElo "1606"]
[BlackElo "1606"]
[PlyCount "56"]
[GameId "2160767910578936"]
[EventDate "2007.10.10"]
[EventType "swiss"]
[EventRounds "5"]
[EventCountry "CAN"]
[SourceTitle "EXT 2022"]
[Source "ChessBase"]
[SourceDate "2021.10.06"]
[SourceVersion "1"]
[SourceVersionDate "2021.10.06"]
[SourceQuality "1"]

1. e4 e5 2. Nf3 Nc6 3. Bb5 a6 4. Ba4 Bc5 5. c3 Qe7 6. O-O b5 7. Bb3 Bb6 8. d4 Nf6 9. a4 Bb7 10. axb5 axb5 11. Rxa8+ Bxa8 12. Qd3 O-O 13. Nbd2 Na5 14. dxe5 Nxb3 15. exf6 Nxc1 16. fxe7 Nxd3 17. exf8=Q+ Kxf8 18. Nd4 b4 19. Rb1 d5 20. exd5 Bxd5 21. Kf1 g6 22. f3 c5 23. c4 Bb7 24. Ne2 Bc7 25. h3 Be5 26. Nb3 Ba6 27. Rd1 Bxc4 28. Nec1 Nxc1+ 0-1

[Event "Montreal Mercredi 10"]
[Site "Montreal CAN"]
[Date "2007.10.24"]
[Round "3"]
[White "Casquero, Herberth"]
[Black "Bergeron, Rene"]
[Result "1/2-1/2"]
[WhiteElo "1522"]
[BlackElo "1472"]
[PlyCount "79"]
[GameId "2160767910578937"]
[EventDate "2007.10.10"]
[EventType "swiss"]
[EventRounds "5"]
[EventCountry "CAN"]
[SourceTitle "EXT 2022"]
[Source "ChessBase"]
[SourceDate "2021.10.06"]
[SourceVersion "1"]
[SourceVersionDate "2021.10.06"]
[SourceQuality "1"]

1. e4 e5 2. Nf3 Nf6 3. Bc4 Nc6 4. Ng5 d5 5. exd5 Nxd5 6. Qf3 Qxg5 7. Bxd5 Qf6 8. Bxc6+ Qxc6 9. Qxc6+ bxc6 10. d3 Be6 11. O-O Bd6 12. f4 Bc5+ 13. Kh1 exf4 14. Bxf4 Bd6 15. Nc3 O-O-O 16. Rae1 h6 17. Ne4 g5 18. Bxd6 cxd6 19. d4 Kc7 20. b3 a5 21. Kg1 Rb8 22. Nc3 Rhf8 23. Rf6 h5 24. Ne4 Rg8 25. c4 g4 26. c5 d5 27. Nd6 Rg7 28. Nxf7 Rxf7 29. Rexe6 Rxf6 30. Rxf6 Rb4 31. Rf4 a4 32. bxa4 Rxa4 33. Kf2 Rxa2+ 34. Kg3 Rd2 35. h3 gxh3 36. gxh3 Kb7 37. Rh4 Rd3+ 38. Kf2 Ka6 39. Ke2 Rg3 40. Rxh5 1/2-1/2

[Event "Montreal Mercredi 10"]
[Site "Montreal CAN"]
[Date "2007.10.24"]
[Round "3"]
[White "Dominique, Vladimir"]
[Black "Tremblay, Sigfrid"]
[Result "1-0"]
[WhiteElo "1819"]
[BlackElo "1935"]
[PlyCount "49"]
[GameId "2160767910578938"]
[EventDate "2007.10.10"]
[EventType "swiss"]
[EventRounds "5"]
[EventCountry "CAN"]
[SourceTitle "EXT 2022"]
[Source "ChessBase"]
[SourceDate "2021.10.06"]
[SourceVersion "1"]
[SourceVersionDate "2021.10.06"]
[SourceQuality "1"]

1. e4 d6 2. d4 g6 3. Nc3 Bg7 4. Be3 Nf6 5. f3 c6 6. Qd2 Nbd7 7. Bh6 O-O 8. Bc4 b5 9. Bd3 a6 10. h4 c5 11. h5 cxd4 12. Nd5 e5 13. hxg6 fxg6 14. Bxg7 Kxg7 15. Qh6+ Kh8 16. Nh3 Nxd5 17. exd5 Nf6 18. Ng5 Ra7 19. Bxg6 Qe7 20. Nxh7 Nxh7 21. Bxh7 Rf6 22. Bg6+ Qh7 23. Qxh7+ Rxh7 24. Rxh7+ Kg8 25. Be4 1-0

[Event "Montreal Mercredi 10"]
[Site "Montreal CAN"]
[Date "2007.10.24"]
[Round "3"]
[White "Landry, Martin"]
[Black "Perreault, Jacques"]
[Result "1-0"]
[WhiteElo "1623"]
[BlackElo "1593"]
[PlyCount "75"]
[GameId "2160767910578940"]
[EventDate "2007.10.10"]
[EventType "swiss"]
[EventRounds "5"]
[EventCountry "CAN"]
[SourceTitle "EXT 2022"]
[Source "ChessBase"]
[SourceDate "2021.10.06"]
[SourceVersion "1"]
[SourceVersionDate "2021.10.06"]
[SourceQuality "1"]

1. d4 Nf6 2. c4 c5 3. d5 e6 4. Nc3 exd5 5. cxd5 Bd6 6. e4 O-O 7. Be3 Re8 8. Bd3 a6 9. Nge2 Ng4 10. Bf4 Ne5 11. Bc2 b5 12. b3 Qf6 13. Bg3 Ng4 14. O-O Be5 15. Rc1 d6 16. Qd2 b4 17. Nd1 Qh6 18. f4 Bd7 19. Qd3 Bb5 20. Qf3 Bxe2 21. Qxe2 Bd4+ 22. Kh1 Qh5 23. Qf3 Nd7 24. Nf2 Bxf2 25. Rxf2 Nxf2+ 26. Qxf2 Nf6 27. Re1 Ng4 28. Qd2 Ra7 29. Qd3 g6 30. Bd1 Rae7 31. h3 f5 32. Qxa6 Rxe4 33. Rxe4 Rxe4 34. Qc8+ Kg7 35. Qd7+ Kh6 36. Bf3 Ne5 37. Qxd6 Nxf3 38. Qf8# 1-0

[Event "Montreal Mercredi 10"]
[Site "Montreal CAN"]
[Date "2007.10.24"]
[Round "3"]
[White "Lemieux, Serge"]
[Black "Teasdale, Alain"]
[Result "1-0"]
[WhiteElo "1490"]
[BlackElo "1528"]
[PlyCount "67"]
[GameId "2160767910578941"]
[EventDate "2007.10.10"]
[EventType "swiss"]
[EventRounds "5"]
[EventCountry "CAN"]
[SourceTitle "EXT 2022"]
[Source "ChessBase"]
[SourceDate "2021.10.06"]
[SourceVersion "1"]
[SourceVersionDate "2021.10.06"]
[SourceQuality "1"]

1. d4 d5 2. c4 c6 3. Nc3 e5 4. dxe5 d4 5. Ne4 Qa5+ 6. Nd2 Nd7 7. Ngf3 Nxe5 8. Nxd4 Nxc4 9. e3 Nxd2 10. Bxd2 Qb6 11. Nb3 Qc7 12. Bd3 Bd6 13. f4 Nh6 14. Rc1 O-O 15. Nd4 a6 16. h3 Qd8 17. O-O c5 18. Ne2 Nf5 19. e4 c4 20. Bxc4 Bc5+ 21. Kh1 Ne3 22. Bxe3 Bxe3 23. Rc3 Ba7 24. Rd3 Qh4 25. Qb3 b5 26. Bd5 Rb8 27. f5 Bb7 28. Bxb7 Rxb7 29. Nf4 Re7 30. Qd5 Rfe8 31. g3 Qf6 32. Nh5 Qxb2 33. Nf4 Rxe4 34. Qxe4 1-0

[Event "Montreal Mercredi 10"]
[Site "Montreal CAN"]
[Date "2007.10.24"]
[Round "3"]
[White "Millette, Sylvain"]
[Black "Ameur, Nadji"]
[Result "0-1"]
[WhiteElo "1717"]
[BlackElo "1680"]
[PlyCount "56"]
[GameId "2160767910578942"]
[EventDate "2007.10.10"]
[EventType "swiss"]
[EventRounds "5"]
[EventCountry "CAN"]
[SourceTitle "EXT 2022"]
[Source "ChessBase"]
[SourceDate "2021.10.06"]
[SourceVersion "1"]
[SourceVersionDate "2021.10.06"]
[SourceQuality "1"]

1. Nf3 d5 2. g3 Nf6 3. Bg2 Nc6 4. d3 e6 5. O-O Be7 6. Nbd2 O-O 7. c4 d4 8. Ng5 Ne5 9. b3 Rb8 10. Nge4 Nxe4 11. Nxe4 Ng6 12. Bb2 f5 13. Nd2 c5 14. f4 e5 15. fxe5 Nxe5 16. Bd5+ Kh8 17. Nf3 Ng4 18. Bc1 Nf6 19. Bf4 Bd6 20. Bg5 h6 21. Bxf6 Qxf6 22. Nh4 g5 23. Ng2 Be6 24. e4 dxe3 25. Nxe3 Be5 26. Bxe6 Qxe6 27. Nxf5 Rxf5 28. Rxf5 Qxf5 0-1

[Event "Montreal Mercredi 10"]
[Site "Montreal CAN"]
[Date "2007.10.24"]
[Round "3"]
[White "Papineau (Montreal), Daniel"]
[Black "Forget, Luc"]
[Result "1/2-1/2"]
[WhiteElo "1854"]
[BlackElo "1926"]
[PlyCount "98"]
[GameId "2160767910578943"]
[EventDate "2007.10.10"]
[EventType "swiss"]
[EventRounds "5"]
[EventCountry "CAN"]

1. c4 Nf6 2. Nc3 c5 3. Nf3 Nc6 4. d4 cxd4 5. Nxd4 e5 6. Ndb5 a6 7. Nd6+ Bxd6 8. Qxd6 Qe7 9. Qxe7+ Nxe7 10. Bg5 O-O 11. Bxf6 gxf6 12. Ne4 Kg7 13. Nd6 b6 14. e3 Ra7 15. Bd3 Bb7 16. Ke2 Bc6 17. Rhd1 Rd8 18. Rd2 Nc8 19. Bf5 Ne7 20. Rad1 b5 21. cxb5 axb5 22. a3 Nxf5 23. Nxf5+ Kf8 24. Nd6 Rb8 25. f3 b4 26. axb4 Rxb4 27. Rc1 Ra2 28. Rcc2 Ra1 29. Nf5 Rb8 30. Rd6 Rb1 31. Rxf6 R1xb2 32. Rxb2 Rxb2+ 33. Kf1 Bb5+ 34. Kg1 Bc4 35. e4 Be6 36. h3 Rd2 37. Kh2 d5 38. exd5 Rxd5 39. g4 Bxf5 40. Rxf5 h6 41. Kg3 Kg7 42. Kh4 f6 43. f4 Kg6 44. fxe5 fxe5 45. Kg3 Rd3+ 46. Kg2 e4 47. Re5 Rd2+ 48. Kg3 Rd3+ 49. Kf4 Rxh3 1/2-1/2

[Event "Montreal Mercredi 10"]
[Site "Montreal CAN"]
[Date "2007.10.24"]
[Round "3"]
[White "Rivas, Carlos Genin"]
[Black "Fortin-Lavoie, Patrice"]
[Result "0-1"]
[WhiteElo "1462"]
[BlackElo "1412"]
[PlyCount "40"]
[GameId "2160767910578944"]
[EventDate "2007.10.10"]
[EventType "swiss"]
[EventRounds "5"]
[EventCountry "CAN"]
[SourceTitle "EXT 2022"]
[Source "ChessBase"]
[SourceDate "2021.10.06"]
[SourceVersion "1"]
[SourceVersionDate "2021.10.06"]
[SourceQuality "1"]

1. g4 d5 2. Bg2 Bxg4 3. c4 dxc4 4. Bxb7 Nd7 5. Bxa8 Qxa8 6. f3 e5 7. h4 Bc5 8. Qa4 Be6 9. Nc3 Ngf6 10. Nh3 e4 11. Ng5 exf3 12. Nxf3 O-O 13. Qc2 Re8 14. Rh2 Ng4 15. Rg2 Ndf6 16. d3 Bf5 17. Ne4 cxd3 18. Nxf6+ Nxf6 19. Qxc5 Qxf3 20. Qf2 Rxe2+ 0-1

[Event "Montreal Mercredi 10"]
[Site "Montreal CAN"]
[Date "2007.10.24"]
[Round "3"]
[White "Roy, Pierre Olivier"]
[Black "Neumark-Gaudet, Zev"]
[Result "1-0"]
[WhiteElo "1452"]
[BlackElo "1462"]
[PlyCount "105"]
[GameId "2160767910578945"]
[EventDate "2007.10.10"]
[EventType "swiss"]
[EventRounds "5"]
[EventCountry "CAN"]
[SourceTitle "EXT 2022"]
[Source "ChessBase"]
[SourceDate "2021.10.06"]
[SourceVersion "1"]
[SourceVersionDate "2021.10.06"]
[SourceQuality "1"]

1. d4 d5 2. c4 e6 3. Nf3 Nf6 4. Nc3 c6 5. Bg5 Be7 6. e3 Nbd7 7. Qc2 b6 8. Bd3 h6 9. Bh4 O-O 10. O-O Bb7 11. Rad1 Rc8 12. Qe2 c5 13. cxd5 Nxd5 14. Nxd5 Bxh4 15. Nxh4 exd5 16. Nf5 c4 17. Qg4 g6 18. Nxh6+ Kh8 19. Bb1 Nf6 20. Qh4 Kg7 21. Nf5+ gxf5 22. Qg5+ Kh8 23. Qh6+ Kg8 24. Bxf5 Rc6 25. f4 Bc8 26. Qg5+ Kh8 27. Qh6+ Kg8 28. Bh7+ Nxh7 29. Qxc6 Qd7 30. Qh6 Qe6 31. Qxe6 Bxe6 32. f5 Bd7 33. h4 Nf6 34. Rf4 Re8 35. Kf2 Ne4+ 36. Kf3 Kh7 37. g4 f6 38. Rg1 Rg8 39. Rxe4 dxe4+ 40. Kxe4 Kh6 41. d5 b5 42. Kf4 Rf8 43. d6 Rh8 44. Re1 Re8 45. g5+ fxg5+ 46. hxg5+ Kg7 47. e4 Rf8 48. e5 Be8 49. e6 Bc6 50. d7 Rd8 51. f6+ Kg6 52. Re2 a5 53. Rh2 1-0